[Event "POL Olympiad U14 Girls"]
[Site "Drzonkow"]
[Date "2017.04.08"]
[Round "9"]
[White "Sawa, Daria"]
[Black "Wawrzyniak, Weronika"]
[Result "1-0"]
[WhiteElo "1314"]
[BlackElo "1397"]
[PlyCount "167"]
[EventDate "2017.04.02"]
[EventType "swiss"]
[EventRounds "9"]
[EventCountry "POL"]
[SourceTitle "EXT 2020"]
[Source "ChessBase"]
[SourceDate "2019.10.17"]
[SourceVersion "1"]
[SourceVersionDate "2019.10.17"]
[SourceQuality "1"]

1. e4 e6 2. d4 d5 3. exd5 exd5 4. Nf3 Bd6 5. Bd3 Ne7 6. c4 dxc4 7. Bxc4 Bg4 8. Bxf7+ Kf8 9. Qb3 Nbc6 10. Be6 Bxe6 11. Qxe6 Bb4+ 12. Nc3 Nxd4 13. Qe4 Nec6 14. 0-0 Bxc3 15. bxc3 Nxf3+ 16. Qxf3+ Qf6 17. Qg3 Qf7 18. Ba3+ Kg8 19. Rfe1 Qg6 20. Qxc7 Qf7 21. Qg3 h6 22. Re2 Kh7 23. Rae1 Rhe8 24. Qd3+ Kg8 25. Bc1 Rad8 26. Rxe8+ Rxe8 27. Rxe8+ Qxe8 28. Be3 Qe6 29. Qc2 Qe7 30. h3 a6 31. Qb3+ Kh7 32. Qd5 Qa3 33. Qf5+ Kg8 34. Qc8+ Kh7 35. Qxb7 Qxc3 36. Qxa6 Qa1+ 37. Kh2 Nb4 38. Qc4 Nxa2 39. Bd4 Qd1 40. Bxg7 Qd6+ 41. g3 Kxg7 42. Qxa2 Qc6 43. Qe2 Qd6 44. Qg4+ Kh7 45. Qf5+ Kg7 46. Kg2 Qc6+ 47. Qf3 Qb6 48. h4 Qe6 49. Qc3+ Kh7 50. Qc7+ Kg6 51. Qd8 Qe4+ 52. Kh2 Qe6 53. Qf8 Kh7 54. h5 Qg4 55. Qf7+ Kh8 56. f3 Qb4 57. Qf6+ Kh7 58. Qg6+ Kh8 59. Qxh6+ Kg8 60. Kh3 Qc4 61. Qg6+ Kf8 62. h6 Qf1+ 63. Kg4 Qc4+ 64. f4 Qe2+ 65. Kg5 Qf3 66. Qf6+ Ke8 67. g4 Qh1 68. h7 Qxh7 69. Qg6+ Qxg6+ 70. Kxg6 Kf8 71. f5 Kg8 72. f6 Kh8 73. Kf7 Kh7 74. Ke8 Kg6 75. f7 Kg5 76. f8Q Kh4 77. g5 Kxg5 78. Qf3 Kg6 79. Qf4 Kg7 80. Ke7 Kg6 81. Qf6+ Kh7 82. Qg5 Kh8 83. Kf7 Kh7 84. Qh5# 1-0

[Event "POL Olympiad U14 Girls"]
[Site "Drzonkow"]
[Date "2017.04.06"]
[Round "6"]
[White "Hryn, Aleksandra"]
[Black "Sawa, Daria"]
[Result "1/2-1/2"]
[WhiteElo "1567"]
[BlackElo "1314"]
[PlyCount "101"]
[EventDate "2017.04.02"]
[EventType "swiss"]
[EventRounds "9"]
[EventCountry "POL"]
[SourceTitle "EXT 2020"]
[Source "ChessBase"]
[SourceDate "2019.10.17"]
[SourceVersion "1"]
[SourceVersionDate "2019.10.17"]
[SourceQuality "1"]

1. e4 e5 2. Nf3 Nc6 3. Bc4 Bc5 4. c3 Nf6 5. d3 0-0 6. Nbd2 d5 7. Bb3 Bg4 8. h3 Bh5 9. 0-0 Re8 10. Re1 Qd7 11. Qe2 Rad8 12. Bc2 dxe4 13. dxe4 Bg6 14. Nf1 Nh5 15. Qc4 Bd6 16. Bg5 Be7 17. Rad1 Qc8 18. Bxe7 Rxe7 19. Ne3 Nf4 20. Nd5 Nxd5 21. Rxd5 Rxd5 22. Qxd5 Qd7 23. Rd1 Qxd5 24. Rxd5 f6 25. a4 a5 26. Nd2 b6 27. f3 Kf8 28. Kf2 Ke8 29. Ke3 Bf7 30. Rd3 Rd7 31. Rxd7 Kxd7 32. Kd3 Kd6 33. Bb3 Bxb3 34. Nxb3 Ne7 35. Nd2 Kc5 36. Nc4 Ng6 37. g3 Ne7 38. Ne3 c6 39. Nc2 b5 40. axb5 cxb5 41. b4+ axb4 42. Nxb4 Nc6 43. Na6+ Kb6 44. Nb4 Nxb4+ 45. cxb4 g5 46. Ke3 h5 47. f4 g4 48. hxg4 hxg4 49. fxe5 fxe5 50. Kd3 Kc6 51. Ke3 1/2-1/2

[Event "POL Olympiad U14 Girls"]
[Site "Drzonkow"]
[Date "2017.04.04"]
[Round "4"]
[White "Kroliczek, Gabriela"]
[Black "Sawa, Daria"]
[Result "1-0"]
[WhiteElo "1489"]
[BlackElo "1314"]
[PlyCount "49"]
[EventDate "2017.04.02"]
[EventType "swiss"]
[EventRounds "9"]
[EventCountry "POL"]
[SourceTitle "EXT 2020"]
[Source "ChessBase"]
[SourceDate "2019.10.17"]
[SourceVersion "1"]
[SourceVersionDate "2019.10.17"]
[SourceQuality "1"]

1. e4 e5 2. Nc3 Nf6 3. g3 Bc5 4. Bg2 0-0 5. d3 Nc6 6. Nge2 d6 7. Na4 Bb6 8. Nxb6 axb6 9. 0-0 Bg4 10. h3 Be6 11. a3 Qd7 12. Kh2 Ne8 13. f4 f5 14. exf5 Bxf5 15. g4 Bg6 16. f5 Bf7 17. Ng3 Nf6 18. h4 Bd5 19. Bh3 h6 20. g5 hxg5 21. hxg5 Ne8 22. c4 Bxc4 23. dxc4 Qe7 24. Qh5 Rd8 25. Bg2 1-0

[Event "POL-ch U12 Girls"]
[Site "Suwalki"]
[Date "2015.04.13"]
[Round "8.20"]
[White "Szewczyk, Malwina"]
[Black "Sawa, Daria"]
[Result "1-0"]
[WhiteElo "1168"]
[BlackElo "1002"]
[PlyCount "49"]
[EventDate "2015.04.08"]
[EventType "swiss"]
[EventRounds "9"]
[EventCountry "POL"]
[SourceTitle "EXT 2023"]
[Source "ChessBase"]
[SourceDate "2022.10.05"]
[SourceVersion "1"]
[SourceVersionDate "2022.10.05"]
[SourceQuality "1"]

1. c4 c5 2. Nc3 d6 3. g3 Nf6 4. Bg2 e6 5. e3 Nc6 6. d3 Be7 7. Nge2 0-0 8. 0-0 d5 9. Bd2 Ne5 10. cxd5 Nxd3 11. dxe6 Nxb2 12. exf7+ Rxf7 13. Qc2 Nc4 14. Bc1 Rf8 15. Rd1 Qc7 16. Nd5 Nxe3 17. Bxe3 Nxd5 18. Rxd5 Be6 19. Rdd1 Rf7 20. Bf4 Qb6 21. Be4 h6 22. Rab1 Qa6 23. Rxb7 Qxa2 24. Qxa2 Bxa2 25. Rb2 1-0

[Event "POL-ch U12 Girls"]
[Site "Suwalki"]
[Date "2015.04.08"]
[Round "1.17"]
[White "Sawa, Daria"]
[Black "Zarebska, Lena"]
[Result "1-0"]
[WhiteElo "1002"]
[BlackElo "1315"]
[PlyCount "41"]
[EventDate "2015.04.08"]
[EventType "swiss"]
[EventRounds "9"]
[EventCountry "POL"]
[SourceTitle "EXT 2023"]
[Source "ChessBase"]
[SourceDate "2022.10.05"]
[SourceVersion "1"]
[SourceVersionDate "2022.10.05"]
[SourceQuality "1"]

1. e4 c5 2. Nf3 d6 3. d4 cxd4 4. Nxd4 Nf6 5. Nc3 Nc6 6. Nb3 Bd7 7. Bg5 h6 8. Bxf6 gxf6 9. Qf3 Rg8 10. h3 a5 11. 0-0-0 a4 12. Nd2 Nd4 13. Qe3 e5 14. Nf3 Nxf3 15. Qxf3 a3 16. b3 Rc8 17. Nd5 Be7 18. Qh5 Bc6 19. Bc4 b5 20. Nxf6+ Bxf6 21. Qxf7# 1-0